| 000 | 01055nam a22003137a 4500 | ||
|---|---|---|---|
| 003 | PE SENCICO BE | ||
| 005 | 20260319155837.0 | ||
| 008 | 230518b |||||||| |||| 00| 0 eng d | ||
| 020 | _a978-9972-45-382-3 | ||
| 040 |
_aPE SENCICO BE _cPE SENCICO BE |
||
| 041 | _aspa | ||
| 082 |
_a720.985 _bA17 |
||
| 100 | 1 |
_91055 _aAcevedo, Alejandra _eautor |
|
| 245 | 1 |
_aCatálogo arquitectura movimiento moderno Perú / _cAlejandra Acevedo, Michelle Llona |
|
| 250 | _a1a ed. | ||
| 260 |
_aLima : _bUniversidad de Lima, _c2017 |
||
| 300 |
_a455 p. : _bil., planos ; _c24 cm. |
||
| 440 | 1 |
_91056 _aColección investigaciones |
|
| 505 | _aEdificios modernos -- Listado general de edificios -- Mapas -- Arquitectos | ||
| 650 | 1 | 4 |
_949 _aArquitectura |
| 650 | 2 | 4 |
_9191 _aArquitectura moderna |
| 650 | 2 | 4 |
_9370 _aArquitectura de viviendas |
| 650 | 2 | 4 |
_9216 _aEdificaciones |
| 650 | 2 | 4 |
_959 _aConstrucción de viviendas |
| 650 | 2 | 0 |
_91058 _aPatrimonio arquitectónico |
| 651 | 1 | 0 |
_9661 _aPerú |
| 700 | 1 |
_91057 _aLlona, Michelle _eautor |
|
| 942 |
_2ddc _cLIB |
||
| 999 |
_c4161 _d4161 |
||